Mathematical finance : (Record no. 1308935)

MARC details
000 -LEADER
fixed length control field 00547nam a22002057a 4500
005 - DATE AND TIME OF LATEST TRANSACTION
control field 20250529151203.0
008 - FIXED-LENGTH DATA ELEMENTS--GENERAL INFORMATION
fixed length control field 250414b |||||||| |||| 00| 0 eng d
020 ## - INTERNATIONAL STANDARD BOOK NUMBER
International Standard Book Number 9783031283772
040 ## - CATALOGING SOURCE
Transcribing agency SDCL
041 ## - LANGUAGE CODE
Source of code eng
Language code of text/sound track or separate title eng
084 ## - COLON CLASSIFICATION NUMBER
Classification number X6:(B) R3
100 ## - MAIN ENTRY--PERSONAL NAME
Personal name Gianin, Emanuela Rosazza
245 ## - TITLE STATEMENT
Title Mathematical finance :
Remainder of title Theory review and exercises
250 ## - EDITION STATEMENT
Edition statement 2nd
260 ## - PUBLICATION, DISTRIBUTION, ETC.
Place of publication, distribution, etc. Cham :
Name of publisher, distributor, etc. Springer,
Date of publication, distribution, etc. 2023.
300 ## - PHYSICAL DESCRIPTION
Extent xii,305p.
490 ## - SERIES STATEMENT
Series statement Unitext
Volume/sequential designation Volume 149
700 ## - ADDED ENTRY--PERSONAL NAME
Personal name Sgarra, Carlo
942 ## - ADDED ENTRY ELEMENTS (KOHA)
Source of classification or shelving scheme Colon Classification (CC)
Koha item type Textual
100 ## - MAIN ENTRY--PERSONAL NAME
-- 752238
700 ## - ADDED ENTRY--PERSONAL NAME
-- 752239
999 ## -
-- 1308935
-- 1308935
Holdings
Withdrawn status Lost status Source of classification or shelving scheme Damaged status Not for loan Home library Current library Date acquired Source of acquisition Inventory number Total checkouts Full call number Barcode Date last seen Price effective from Koha item type
    Colon Classification (CC)     South Campus Library South Campus Library 2025-04-14 Global Educational Books IN11, 29/11/2024, EURO 59.99   X6:(B) R3 SC1690597 2025-04-14 2025-04-14 Textual
Copyright @ Delhi University Library System